[Event "DVM U14w 2016"]
[Site "Düsseldorf GER"]
[Date "2016.12.27"]
[Round "1"]
[White "Reichelt, Lena"]
[Black "Müdder, Melanie"]
[Result "0-1"]
[Termination "normal"]
[Board "1.1"]
[WhiteElo "1486"]
[BlackElo "1604"]
[WhiteClock "00:10:12"]
[BlackClock "00:12:06"]
[WhiteTeam "SK Nordhorn-Blanke"]
[BlackTeam "SG Solingen"]
[PlyCount "114"]
[WhiteFideId "12981184"]
[BlackFideId "12994103"]
[EventCountry "GER"]
[EventRounds "7"]
[EventType "team-swiss"]
[EventDate "2016.12.26"]

1. e4 {[%clk 1:30:57]} c5 {[%clk 1:30:52]} 2. Nf3 {[%clk 1:31:05]} Nc6 {[%clk
1:31:09]} 3. d4 {[%clk 1:30:59]} cxd4 {[%clk 1:31:29]} 4. Nxd4 {[%clk 1:30:22]}
e5 {[%clk 1:31:20]} 5. Nxc6 {[%clk 1:26:43]} bxc6 {[%clk 1:31:00]} 6. c4 {[%clk
1:22:13]} Bb4+ {[%clk 1:27:47]} 7. Bd2 {[%clk 1:20:11]} Bxd2+ {[%clk 1:24:48]}
8. Qxd2 {[%clk 1:19:24]} Nf6 {[%clk 1:22:15]} 9. Nc3 {[%clk 1:19:03]} O-O
{[%clk 1:20:22]} 10. Be2 {[%clk 1:16:19]} Bb7 {[%clk 1:17:55]} 11. c5 {[%clk
1:07:17]} Rb8 {[%clk 1:10:45]} 12. a3 {[%clk 0:59:44]} Qc8 {[%clk 0:53:53]} 13.
Qd3 {[%clk 0:55:35]} Rd8 {[%clk 0:49:50]} 14. O-O {[%clk 0:51:28]} d5 {[%clk
0:41:51]} 15. cxd6 {[%clk 0:51:33]} Qe6 {[%clk 0:42:07]} 16. Rfd1 {[%clk
0:46:06]} Ne8 {[%clk 0:37:33]} 17. d7 {[%clk 0:34:37]} Nf6 {[%clk 0:36:05]} 18.
Qd6 {[%clk 0:32:33]} Qxd6 {[%clk 0:33:31]} 19. Rxd6 {[%clk 0:32:46]} Rxd7
{[%clk 0:32:22]} 20. Rxd7 {[%clk 0:31:48]} Nxd7 {[%clk 0:32:19]} 21. Rd1 {[%clk
0:31:06]} Nc5 {[%clk 0:25:54]} 22. Bc4 {[%clk 0:27:20]} a5 {[%clk 0:19:36]} 23.
b4 {[%clk 0:20:05]} axb4 24. axb4 Na6 {[%clk 0:12:40]} 25. b5 {[%clk 0:15:38]}
cxb5 {[%clk 0:10:56]} 26. Bxb5 {[%clk 0:15:50]} Nc5 {[%clk 0:10:31]} 27. f3
{[%clk 0:15:48]} Kf8 {[%clk 0:09:16]} 28. Bc4 {[%clk 0:14:06]} Ke8 {[%clk
0:06:12]} 29. Kf2 {[%clk 0:11:23]} Bc6 {[%clk 0:04:58]} 30. Ke3 {[%clk
0:07:09]} Rb2 {[%clk 0:04:37]} 31. Rd2 {[%clk 0:07:11]} Rb4 {[%clk 0:04:30]}
32. Bd5 {[%clk 0:06:56]} Bxd5 {[%clk 0:03:40]} 33. Nxd5 {[%clk 0:05:52]} Rb3+
{[%clk 0:03:52]} 34. Ke2 {[%clk 0:05:31]} Ne6 {[%clk 0:03:46]} 35. Rd3 {[%clk
0:03:28]} Rb2+ {[%clk 0:03:33]} 36. Rd2 {[%clk 0:03:03]} Rb3 {[%clk 0:02:50]}
37. Rd3 {[%clk 0:03:21]} Rb2+ {[%clk 0:02:56]} 38. Rd2 {[%clk 0:03:45]} Nd4+
{[%clk 0:03:14]} 39. Ke3 {[%clk 0:03:51]} Rxd2 {[%clk 0:02:19]} 40. Kxd2 {[%clk
0:04:05]} Kd7 {[%clk 0:02:18]} 41. Kd3 {[%clk 0:01:49]} Kd6 {[%clk 0:30:12]}
42. Kc4 {[%clk 0:28:36]} Nc2 {[%clk 0:28:47]} 43. Kb5 {[%clk 0:25:39]} f5
{[%clk 0:26:46]} 44. Kc4 {[%clk 0:21:54]} f4 {[%clk 0:24:08]} 45. g3 {[%clk
0:21:23]} Ne1 {[%clk 0:21:11]} 46. gxf4 {[%clk 0:20:36]} exf4 {[%clk 0:19:15]}
47. Nxf4 {[%clk 0:17:19]} Nxf3 {[%clk 0:19:30]} 48. Nd3 {[%clk 0:12:07]} Nxh2
{[%clk 0:18:10]} 49. e5+ {[%clk 0:12:25]} Ke6 {[%clk 0:17:58]} 50. Kd4 {[%clk
0:12:37]} Nf3+ {[%clk 0:15:17]} 51. Ke4 {[%clk 0:12:56]} Ng5+ {[%clk 0:14:17]}
52. Kd4 {[%clk 0:11:47]} Ke7 {[%clk 0:10:55]} 53. Nf4 {[%clk 0:10:03]} Ne6+
{[%clk 0:11:00]} 54. Nxe6 {[%clk 0:10:02]} Kxe6 {[%clk 0:11:19]} 55. Ke4 {[%clk
0:10:09]} g5 {[%clk 0:11:31]} 56. Kf3 {[%clk 0:09:58]} Kxe5 {[%clk 0:11:46]}
57. Kg4 {[%clk 0:10:12]} h6 {[%clk 0:12:06]} 0-1

[Event "DVM U14w 2016"]
[Site "Düsseldorf GER"]
[Date "2016.12.27"]
[Round "1"]
[White "Berelowitsch, Dana"]
[Black "Meijerink, Inken"]
[Result "1-0"]
[Termination "normal"]
[Board "1.2"]
[WhiteElo "1458"]
[BlackElo "1381"]
[WhiteClock "00:12:38"]
[BlackClock "00:00:39"]
[WhiteTeam "SG Solingen"]
[BlackTeam "SK Nordhorn-Blanke"]
[PlyCount "53"]
[WhiteFideId "12977144"]
[BlackFideId "16225465"]
[EventCountry "GER"]
[EventRounds "7"]
[EventType "team-swiss"]
[EventDate "2016.12.26"]

1. e4 {[%clk 1:30:57]} c5 {[%clk 1:30:49]} 2. Nf3 {[%clk 1:31:21]} Nc6 {[%clk
1:30:58]} 3. d4 {[%clk 1:31:43]} cxd4 {[%clk 1:31:03]} 4. Nxd4 {[%clk 1:32:01]}
g6 {[%clk 1:31:07]} 5. Nc3 {[%clk 1:32:20]} Bg7 {[%clk 1:31:11]} 6. Be3 {[%clk
1:32:32]} Nf6 {[%clk 1:30:18]} 7. Bc4 {[%clk 1:32:24]} O-O {[%clk 1:30:13]} 8.
f3 {[%clk 1:31:33]} Qb6 {[%clk 1:27:04]} 9. Qd2 {[%clk 1:21:23]} Nxe4 {[%clk
1:15:00]} 10. Nxc6 {[%clk 1:12:53]} Qxc6 {[%clk 1:12:25]} 11. Bxf7+ {[%clk
1:03:44]} Rxf7 {[%clk 1:10:51]} 12. fxe4 {[%clk 1:01:17]} b6 {[%clk 1:00:02]}
13. O-O-O {[%clk 1:01:05]} d6 {[%clk 0:53:56]} 14. h4 {[%clk 1:00:16]} Bg4
{[%clk 0:51:15]} 15. Rde1 {[%clk 0:59:07]} e6 {[%clk 0:36:15]} 16. Bh6 {[%clk
0:53:16]} Raf8 {[%clk 0:33:05]} 17. Bxg7 {[%clk 0:51:30]} Kxg7 {[%clk 0:30:19]}
18. Qg5 {[%clk 0:30:57]} Rf4 {[%clk 0:25:51]} 19. h5 {[%clk 0:30:08]} Qe8
{[%clk 0:15:42]} 20. h6+ {[%clk 0:22:41]} Kg8 {[%clk 0:13:36]} 21. g3 Rf2
{[%clk 0:07:19]} 22. Qxg4 {[%clk 0:21:24]} b5 {[%clk 0:04:34]} 23. Nd1 {[%clk
0:15:23]} R2f7 {[%clk 0:01:53]} 24. Ne3 {[%clk 0:14:11]} Qc8 {[%clk 0:00:42]}
25. Rhf1 {[%clk 0:11:56]} Rxf1 {[%clk 0:00:46]} 26. Rxf1 {[%clk 0:12:18]} Rxf1+
{[%clk 0:00:39]} 27. Nxf1 {[%clk 0:12:38]} 1-0

[Event "DVM U14w 2016"]
[Site "Düsseldorf GER"]
[Date "2016.12.27"]
[Round "1"]
[White "Wolterink, Jule"]
[Black "Kublanov, Elizabeth"]
[Result "0-1"]
[Termination "normal"]
[Board "1.3"]
[WhiteElo "1325"]
[BlackElo "1505"]
[WhiteClock "00:44:05"]
[BlackClock "00:24:00"]
[WhiteTeam "SK Nordhorn-Blanke"]
[BlackTeam "SG Solingen"]
[PlyCount "154"]
[WhiteFideId "12981206"]
[BlackFideId "12944564"]
[EventCountry "GER"]
[EventRounds "7"]
[EventType "team-swiss"]
[EventDate "2016.12.26"]

1. d4 {[%clk 1:30:56]} d5 {[%clk 1:30:48]} 2. Bf4 {[%clk 1:31:17]} Nf6 {[%clk
1:29:51]} 3. e3 {[%clk 1:31:33]} Bf5 {[%clk 1:29:31]} 4. Bd3 {[%clk 1:31:48]}
Bg6 {[%clk 1:28:18]} 5. c3 {[%clk 1:31:19]} Nbd7 {[%clk 1:27:41]} 6. Nf3 {[%clk
1:31:01]} e6 {[%clk 1:26:14]} 7. Qc2 {[%clk 1:30:02]} c5 {[%clk 1:25:10]} 8.
Nbd2 {[%clk 1:24:26]} c4 {[%clk 1:23:13]} 9. Bxg6 {[%clk 1:24:09]} fxg6 {[%clk
1:23:06]} 10. Bg5 {[%clk 1:22:46]} Be7 {[%clk 1:22:27]} 11. e4 {[%clk 1:21:17]}
Nxe4 {[%clk 1:17:17]} 12. Bxe7 {[%clk 1:21:04]} Qxe7 {[%clk 1:16:48]} 13. Nxe4
{[%clk 1:21:26]} dxe4 {[%clk 1:17:06]} 14. Qxe4 {[%clk 1:21:36]} Nf6 {[%clk
1:13:46]} 15. Qe2 {[%clk 1:19:41]} b5 {[%clk 1:12:19]} 16. O-O {[%clk 1:16:26]}
O-O {[%clk 1:12:24]} 17. Rfe1 {[%clk 1:16:07]} Rae8 {[%clk 1:09:50]} 18. Ng5
{[%clk 1:13:03]} Nd5 {[%clk 1:08:48]} 19. Qxe6+ {[%clk 1:08:29]} Qxe6 {[%clk
1:07:00]} 20. Rxe6 {[%clk 1:08:27]} Rxe6 {[%clk 1:06:59]} 21. Nxe6 {[%clk
1:08:22]} Re8 {[%clk 1:06:16]} 22. Nc5 {[%clk 1:07:31]} Re2 {[%clk 1:02:01]}
23. Rb1 {[%clk 1:04:52]} a5 {[%clk 0:54:11]} 24. Kf1 {[%clk 1:03:24]} Rc2
{[%clk 0:50:15]} 25. a3 {[%clk 0:53:13]} b4 {[%clk 0:47:14]} 26. axb4 {[%clk
0:52:56]} axb4 {[%clk 0:47:35]} 27. Ne4 {[%clk 0:52:35]} bxc3 {[%clk 0:46:01]}
28. bxc3 {[%clk 0:52:30]} Nxc3 {[%clk 0:45:16]} 29. Nxc3 {[%clk 0:52:44]} Rxc3
{[%clk 0:45:33]} 30. Ke2 {[%clk 0:51:53]} Rd3 {[%clk 0:44:11]} 31. Rd1 {[%clk
0:51:06]} Rb3 {[%clk 0:39:15]} 32. d5 {[%clk 0:46:31]} Kf8 {[%clk 0:37:23]} 33.
Rd4 {[%clk 0:45:13]} Rb4 {[%clk 0:34:23]} 34. Kd2 {[%clk 0:44:36]} Rb2+ {[%clk
0:34:23]} 35. Ke3 {[%clk 0:43:27]} Rb4 {[%clk 0:33:15]} 36. Rf4+ {[%clk
0:42:00]} Ke7 {[%clk 0:32:16]} 37. Rd4 {[%clk 0:39:19]} Kd6 {[%clk 0:28:59]}
38. Kd2 {[%clk 0:36:24]} Kc5 {[%clk 0:23:23]} 39. Ke3 {[%clk 0:34:32]} Rb3+
{[%clk 0:21:31]} 40. Ke4 Rb8 {[%clk 0:18:56]} 41. Ke3 {[%clk 0:31:32]} Re8+
{[%clk 0:16:58]} 42. Re4 {[%clk 0:30:58]} Rd8 {[%clk 0:17:09]} 43. Kd2 {[%clk
0:30:28]} Kxd5 {[%clk 0:15:10]} 44. Rh4 {[%clk 0:29:37]} Kc5+ {[%clk 0:14:40]}
45. Kc2 {[%clk 0:29:23]} h6 {[%clk 0:14:09]} 46. Rh3 {[%clk 0:29:05]} Kb4
{[%clk 0:13:41]} 47. Re3 {[%clk 0:28:43]} Ra8 {[%clk 0:12:06]} 48. Rf3 {[%clk
0:26:57]} Ra2+ {[%clk 0:10:14]} 49. Kb1 {[%clk 0:27:03]} Rd2 {[%clk 0:09:05]}
50. Kc1 {[%clk 0:26:41]} Ra2 {[%clk 0:02:26]} 51. Kb1 {[%clk 0:26:19]} Ra3
{[%clk 0:28:30]} 52. Rf8 {[%clk 0:48:41]} Kb3 {[%clk 0:27:18]} 53. Rf3+ {[%clk
0:48:58]} c3 {[%clk 0:24:50]} 54. Re3 {[%clk 0:46:38]} Ra2 {[%clk 0:19:38]} 55.
Rxc3+ {[%clk 0:45:22]} Kxc3 {[%clk 0:19:57]} 56. Kxa2 {[%clk 0:45:48]} Kd3
{[%clk 0:20:19]} 57. Kb3 {[%clk 0:45:53]} Ke2 {[%clk 0:20:20]} 58. f4 {[%clk
0:44:25]} Kf2 {[%clk 0:20:40]} 59. g4 {[%clk 0:44:07]} Kg2 {[%clk 0:21:00]} 60.
h4 {[%clk 0:43:32]} Kg3 {[%clk 0:21:04]} 61. g5 {[%clk 0:43:24]} Kxh4 {[%clk
0:20:23]} 62. Kc3 {[%clk 0:42:12]} Kg4 {[%clk 0:20:12]} 63. Kd3 {[%clk
0:41:47]} Kxf4 {[%clk 0:20:22]} 64. gxh6 {[%clk 0:41:39]} gxh6 {[%clk 0:20:36]}
65. Ke2 {[%clk 0:41:59]} g5 {[%clk 0:20:33]} 66. Kf2 {[%clk 0:42:11]} g4 {[%clk
0:20:44]} 67. Kg2 {[%clk 0:42:35]} h5 {[%clk 0:21:09]} 68. Kh2 {[%clk 0:42:24]}
Kf3 {[%clk 0:21:02]} 69. Kh1 {[%clk 0:42:24]} Kf2 {[%clk 0:21:16]} 70. Kh2
{[%clk 0:42:19]} g3+ {[%clk 0:21:40]} 71. Kh3 {[%clk 0:42:18]} g2 {[%clk
0:21:54]} 72. Kh4 {[%clk 0:42:36]} g1=Q {[%clk 0:22:06]} 73. Kxh5 {[%clk
0:42:57]} Kf3 {[%clk 0:22:27]} 74. Kh6 {[%clk 0:43:22]} Kf4 {[%clk 0:22:47]}
75. Kh7 {[%clk 0:43:25]} Kf5 {[%clk 0:23:11]} 76. Kh8 {[%clk 0:43:45]} Kf6
{[%clk 0:23:35]} 77. Kh7 {[%clk 0:44:05]} Qg7# {[%clk 0:24:00]} 0-1

[Event "DVM U14w 2016"]
[Site "Düsseldorf GER"]
[Date "2016.12.27"]
[Round "1"]
[White "Bashylina, Luisa"]
[Black "Wolterink, Insa"]
[Result "1-0"]
[Termination "normal"]
[Board "1.4"]
[WhiteElo "1550"]
[BlackElo "1023"]
[WhiteClock "00:55:54"]
[BlackClock "00:11:56"]
[WhiteTeam "SG Solingen"]
[BlackTeam "SK Nordhorn-Blanke"]
[PlyCount "57"]
[WhiteFideId "12983292"]
[BlackFideId "16235266"]
[EventCountry "GER"]
[EventRounds "7"]
[EventType "team-swiss"]
[EventDate "2016.12.26"]

1. e4 {[%clk 1:30:54]} e6 {[%clk 1:30:48]} 2. d4 {[%clk 1:30:59]} d5 {[%clk
1:30:51]} 3. e5 {[%clk 1:31:21]} c5 {[%clk 1:30:36]} 4. c3 {[%clk 1:30:26]} Nc6
{[%clk 1:29:28]} 5. Nf3 {[%clk 1:30:25]} Qb6 {[%clk 1:28:15]} 6. Bd3 {[%clk
1:30:22]} Bd7 {[%clk 1:26:53]} 7. O-O {[%clk 1:30:26]} Be7 {[%clk 1:23:50]} 8.
Re1 {[%clk 1:18:38]} O-O-O {[%clk 1:13:56]} 9. Qc2 {[%clk 1:14:12]} g6 {[%clk
1:11:24]} 10. dxc5 {[%clk 1:13:35]} Qxc5 {[%clk 1:06:04]} 11. Be3 {[%clk
1:13:28]} Qa5 {[%clk 1:04:42]} 12. b4 {[%clk 1:11:53]} Qc7 {[%clk 1:04:34]} 13.
Nbd2 {[%clk 1:09:01]} Re8 {[%clk 1:01:19]} 14. a3 {[%clk 1:08:55]} Nxe5 {[%clk
0:57:43]} 15. Nxe5 {[%clk 1:09:14]} Qxe5 {[%clk 0:57:37]} 16. Bd4 {[%clk
1:09:30]} Qg5 {[%clk 0:52:07]} 17. Bxh8 {[%clk 1:09:02]} f6 {[%clk 0:48:11]}
18. c4 {[%clk 1:07:28]} Kb8 {[%clk 0:43:06]} 19. cxd5 {[%clk 1:06:16]} Qxd5
{[%clk 0:31:54]} 20. Be4 {[%clk 1:04:26]} Qg5 {[%clk 0:27:40]} 21. Rac1 {[%clk
1:02:44]} Rc8 {[%clk 0:21:53]} 22. Qd3 {[%clk 0:59:35]} Be8 {[%clk 0:18:20]}
23. Rxc8+ {[%clk 0:59:32]} Kxc8 {[%clk 0:18:26]} 24. Rc1+ {[%clk 0:59:56]} Kb8
{[%clk 0:18:20]} 25. Qc4 {[%clk 0:59:59]} Bc6 {[%clk 0:14:29]} 26. Bxc6 {[%clk
0:58:39]} Kc7 {[%clk 0:13:39]} 27. Bxb7+ {[%clk 0:55:41]} Kd7 {[%clk 0:12:08]}
28. Qc6+ {[%clk 0:55:54]} Kd8 {[%clk 0:11:56]} 29. Qc8# 1-0

[Event "DVM U14w 2016"]
[Site "Düsseldorf GER"]
[Date "2016.12.27"]
[Round "1"]
[White "Rosenhain, Rachela"]
[Black "Kohl, Natalie"]
[Result "1-0"]
[Termination "normal"]
[Board "2.1"]
[WhiteElo "1864"]
[BlackElo "1448"]
[WhiteClock "00:34:04"]
[BlackClock "00:23:32"]
[WhiteTeam "Schachpinguine Berlin"]
[BlackTeam "Meuselwitzer SV"]
[PlyCount "115"]
[WhiteFideId "12957615"]
[BlackFideId "12967408"]
[EventCountry "GER"]
[EventRounds "7"]
[EventType "team-swiss"]
[EventDate "2016.12.26"]

1. d4 {[%clk 1:30:55]} Nf6 {[%clk 1:30:46]} 2. c4 {[%clk 1:31:18]} e6 {[%clk
1:30:55]} 3. Nc3 {[%clk 1:31:38]} b6 {[%clk 1:31:03]} 4. e4 {[%clk 1:27:36]} d6
{[%clk 1:27:32]} 5. Nf3 {[%clk 1:26:55]} Bb7 {[%clk 1:26:35]} 6. Bd3 {[%clk
1:26:08]} Be7 {[%clk 1:23:55]} 7. Qc2 {[%clk 1:24:41]} h6 {[%clk 1:19:15]} 8.
O-O {[%clk 1:22:43]} O-O {[%clk 1:15:59]} 9. b3 {[%clk 1:19:28]} a6 {[%clk
1:12:36]} 10. Re1 {[%clk 1:15:37]} c5 {[%clk 1:11:14]} 11. e5 {[%clk 1:12:59]}
dxe5 {[%clk 1:11:18]} 12. dxe5 {[%clk 1:13:16]} Nfd7 {[%clk 1:10:19]} 13. Be4
{[%clk 1:09:37]} Nc6 {[%clk 1:07:46]} 14. Bf4 {[%clk 1:05:33]} Qc7 {[%clk
1:02:57]} 15. Rad1 {[%clk 1:03:24]} Rad8 {[%clk 0:57:23]} 16. Qc1 {[%clk
0:59:48]} Qc8 {[%clk 0:47:44]} 17. Bxh6 {[%clk 0:56:30]} f5 {[%clk 0:34:30]}
18. Bxc6 {[%clk 0:54:18]} Qxc6 {[%clk 0:34:09]} 19. Bg5 {[%clk 0:53:56]} Bxg5
{[%clk 0:31:19]} 20. Qxg5 {[%clk 0:54:19]} Qc7 {[%clk 0:25:47]} 21. Qg6 {[%clk
0:47:44]} Rfe8 {[%clk 0:25:22]} 22. Qg3 {[%clk 0:40:13]} Bxf3 {[%clk 0:21:45]}
23. gxf3 {[%clk 0:40:35]} Qc6 {[%clk 0:20:44]} 24. Rd6 {[%clk 0:35:07]} Qc7
{[%clk 0:19:01]} 25. Red1 {[%clk 0:35:16]} Nf8 {[%clk 0:14:28]} 26. f4 {[%clk
0:29:50]} Rxd6 27. Rxd6 Rd8 {[%clk 0:07:52]} 28. Qd3 {[%clk 0:27:12]} Rxd6
{[%clk 0:06:38]} 29. exd6 {[%clk 0:26:26]} Qd7 {[%clk 0:06:03]} 30. Na4 {[%clk
0:20:17]} Qc6 {[%clk 0:04:46]} 31. Nc3 {[%clk 0:15:52]} Kf7 {[%clk 0:04:27]}
32. a3 {[%clk 0:14:31]} Ke8 {[%clk 0:03:51]} 33. b4 {[%clk 0:14:36]} cxb4
{[%clk 0:03:32]} 34. axb4 {[%clk 0:14:59]} Ng6 {[%clk 0:02:24]} 35. Qd4 {[%clk
0:08:18]} Nh4 {[%clk 0:01:28]} 36. Qxg7 {[%clk 0:07:39]} Nf3+ {[%clk 0:01:49]}
37. Kf1 {[%clk 0:07:31]} Nxh2+ {[%clk 0:01:46]} 38. Ke1 {[%clk 0:07:14]} Nf3+
{[%clk 0:01:19]} 39. Ke2 {[%clk 0:06:56]} Qxc4+ {[%clk 0:00:43]} 40. Kxf3
{[%clk 0:07:20]} Qd3+ {[%clk 0:00:53]} 41. Kg2 {[%clk 0:07:39]} Qxd6 {[%clk
0:00:55]} 42. Qe5 {[%clk 0:03:45]} Qxb4 {[%clk 0:30:04]} 43. Qxe6+ {[%clk
0:34:07]} Kd8 {[%clk 0:29:30]} 44. Nd5 {[%clk 0:33:04]} Qf8 {[%clk 0:27:02]}
45. Qxb6+ {[%clk 0:32:46]} Kd7 {[%clk 0:26:30]} 46. Qb7+ {[%clk 0:30:49]} Ke8
{[%clk 0:24:16]} 47. Qc8+ {[%clk 0:30:33]} Kf7 {[%clk 0:24:29]} 48. Qxf5+
{[%clk 0:30:58]} Kg7 {[%clk 0:23:19]} 49. Qxf8+ {[%clk 0:31:10]} Kxf8 {[%clk
0:23:40]} 50. Kf3 {[%clk 0:31:35]} Kf7 {[%clk 0:23:40]} 51. Ke4 {[%clk
0:31:55]} a5 {[%clk 0:23:13]} 52. Kd4 {[%clk 0:32:01]} Ke6 {[%clk 0:23:19]} 53.
Ne3 {[%clk 0:32:24]} a4 {[%clk 0:23:10]} 54. Kc4 {[%clk 0:32:48]} a3 {[%clk
0:23:08]} 55. Kb3 {[%clk 0:33:12]} a2 {[%clk 0:23:17]} 56. Kxa2 {[%clk
0:33:37]} Kd6 {[%clk 0:23:34]} 57. f5 {[%clk 0:33:51]} Ke5 {[%clk 0:23:32]} 58.
Kb3 {[%clk 0:34:04]} 1-0

[Event "DVM U14w 2016"]
[Site "Düsseldorf GER"]
[Date "2016.12.27"]
[Round "1"]
[White "Neumann, Tina"]
[Black "Schnabel, Luise"]
[Result "0-1"]
[Termination "normal"]
[Board "2.2"]
[WhiteElo "1516"]
[BlackElo "1678"]
[WhiteClock "00:03:34"]
[BlackClock "00:13:23"]
[WhiteTeam "Meuselwitzer SV"]
[BlackTeam "Schachpinguine Berlin"]
[PlyCount "118"]
[WhiteFideId "16212371"]
[BlackFideId "12943347"]
[EventCountry "GER"]
[EventRounds "7"]
[EventType "team-swiss"]
[EventDate "2016.12.26"]

1. e4 {[%clk 1:30:56]} c5 {[%clk 1:30:50]} 2. c3 {[%clk 1:31:22]} d5 {[%clk
1:30:39]} 3. exd5 {[%clk 1:31:48]} Qxd5 {[%clk 1:30:54]} 4. d4 {[%clk 1:32:08]}
e6 {[%clk 1:29:47]} 5. Nf3 {[%clk 1:28:30]} Nc6 {[%clk 1:25:25]} 6. Be2 {[%clk
1:21:50]} cxd4 {[%clk 1:17:58]} 7. cxd4 {[%clk 1:21:55]} Nge7 {[%clk 1:11:49]}
8. Nc3 {[%clk 1:16:41]} Qd8 {[%clk 1:08:30]} 9. O-O {[%clk 1:15:26]} a6 {[%clk
0:57:49]} 10. a4 {[%clk 0:55:37]} b6 {[%clk 0:43:08]} 11. Bc4 {[%clk 0:46:37]}
Nb4 {[%clk 0:31:30]} 12. Be3 {[%clk 0:30:10]} Bb7 {[%clk 0:27:20]} 13. Rc1
{[%clk 0:22:58]} Ned5 {[%clk 0:17:08]} 14. Nxd5 {[%clk 0:22:22]} Nxd5 {[%clk
0:15:30]} 15. Bd2 {[%clk 0:17:36]} Be7 {[%clk 0:13:52]} 16. Bc3 {[%clk
0:16:29]} O-O 17. Bxd5 {[%clk 0:13:05]} Bxd5 {[%clk 0:13:22]} 18. Qd3 {[%clk
0:09:41]} Qd7 {[%clk 0:12:44]} 19. Ra1 {[%clk 0:08:45]} Rfc8 {[%clk 0:12:37]}
20. Ne5 {[%clk 0:08:27]} Qb7 {[%clk 0:12:34]} 21. f3 {[%clk 0:07:54]} Bd6
{[%clk 0:09:48]} 22. Qe3 {[%clk 0:07:57]} Qe7 {[%clk 0:08:01]} 23. Ng4 {[%clk
0:07:10]} Qh4 {[%clk 0:06:05]} 24. Qf2 {[%clk 0:06:31]} Qxf2+ {[%clk 0:06:17]}
25. Rxf2 {[%clk 0:06:38]} Rc7 {[%clk 0:06:02]} 26. Ne3 {[%clk 0:06:33]} Bb3
{[%clk 0:05:37]} 27. Nf1 {[%clk 0:04:34]} Rac8 {[%clk 0:05:32]} 28. Nd2 {[%clk
0:04:35]} Bd5 {[%clk 0:05:51]} 29. Ne4 {[%clk 0:04:43]} Be7 {[%clk 0:06:10]}
30. Rc1 {[%clk 0:03:42]} Bb3 {[%clk 0:05:42]} 31. Nd2 {[%clk 0:03:30]} Bxa4
{[%clk 0:05:29]} 32. Ra1 {[%clk 0:03:43]} Bb5 {[%clk 0:05:45]} 33. Ne4 {[%clk
0:02:31]} a5 {[%clk 0:04:57]} 34. Rd2 {[%clk 0:02:21]} Bc6 {[%clk 0:04:04]} 35.
Rdd1 {[%clk 0:01:23]} Rd7 {[%clk 0:03:37]} 36. Kf2 {[%clk 0:01:19]} Rcd8 {[%clk
0:03:13]} 37. Ke3 {[%clk 0:01:35]} e5 {[%clk 0:02:02]} 38. h3 {[%clk 0:00:47]}
f5 {[%clk 0:02:00]} 39. Nf2 {[%clk 0:00:33]} Bg5+ {[%clk 0:01:28]} 40. Ke2
{[%clk 0:00:49]} exd4 {[%clk 0:00:44]} 41. Bd2 {[%clk 0:00:49]} Bb5+ {[%clk
0:29:33]} 42. Nd3 {[%clk 0:24:44]} Re8+ {[%clk 0:25:56]} 43. Kf2 {[%clk
0:24:07]} Be3+ {[%clk 0:19:35]} 44. Bxe3 {[%clk 0:13:49]} dxe3+ {[%clk
0:19:28]} 45. Ke2 {[%clk 0:10:31]} Red8 {[%clk 0:18:46]} 46. Ra3 {[%clk
0:09:07]} f4 {[%clk 0:18:32]} 47. Rc3 {[%clk 0:03:21]} g5 {[%clk 0:17:06]} 48.
Ra3 {[%clk 0:02:54]} Kf8 {[%clk 0:17:10]} 49. Rc3 {[%clk 0:01:59]} Ke7 {[%clk
0:16:28]} 50. Ra3 {[%clk 0:01:58]} Rd6 {[%clk 0:15:05]} 51. Rc3 {[%clk
0:02:16]} R8d7 {[%clk 0:14:46]} 52. Ra3 {[%clk 0:02:31]} Ke8 {[%clk 0:14:37]}
53. Rc3 {[%clk 0:02:54]} Kd8 {[%clk 0:14:56]} 54. Ra3 {[%clk 0:03:12]} Kc7
{[%clk 0:15:04]} 55. Rc3+ {[%clk 0:03:37]} Kb7 {[%clk 0:15:11]} 56. Ra3 {[%clk
0:02:58]} Ba6 {[%clk 0:14:43]} 57. Rc3 {[%clk 0:02:48]} Kb8 {[%clk 0:14:09]}
58. Ra3 {[%clk 0:03:10]} Ka7 {[%clk 0:13:24]} 59. Rc3 {[%clk 0:03:34]} b5
{[%clk 0:13:23]} 0-1

[Event "DVM U14w 2016"]
[Site "Düsseldorf GER"]
[Date "2016.12.27"]
[Round "1"]
[White "Grey, Andrea"]
[Black "Meyer, Jessica"]
[Result "1-0"]
[Termination "normal"]
[Board "2.3"]
[WhiteElo "1428"]
[BlackElo "1402"]
[WhiteClock "00:15:06"]
[BlackClock "00:13:15"]
[WhiteTeam "Schachpinguine Berlin"]
[BlackTeam "Meuselwitzer SV"]
[PlyCount "109"]
[WhiteFideId "12971880"]
[BlackFideId "16230019"]
[EventCountry "GER"]
[EventRounds "7"]
[EventType "team-swiss"]
[EventDate "2016.12.26"]

1. Nf3 {[%clk 1:30:54]} Nf6 {[%clk 1:30:37]} 2. d4 {[%clk 1:31:06]} d5 {[%clk
1:30:39]} 3. e3 {[%clk 1:31:11]} Bf5 {[%clk 1:30:05]} 4. b3 {[%clk 1:31:11]} e6
{[%clk 1:29:41]} 5. a3 Bd6 6. Bb2 {[%clk 1:30:42]} c6 {[%clk 1:28:18]} 7. c4
{[%clk 1:27:33]} Nbd7 {[%clk 1:26:27]} 8. Be2 {[%clk 1:26:53]} O-O {[%clk
1:25:01]} 9. O-O {[%clk 1:27:12]} h6 {[%clk 1:23:56]} 10. c5 {[%clk 1:21:36]}
Bc7 {[%clk 1:19:40]} 11. Nc3 {[%clk 1:21:30]} Rb8 {[%clk 1:17:54]} 12. b4
{[%clk 1:19:06]} b6 {[%clk 1:10:41]} 13. Qd2 {[%clk 1:14:46]} b5 {[%clk
1:06:53]} 14. h3 {[%clk 1:10:30]} a6 {[%clk 1:01:59]} 15. a4 {[%clk 1:04:07]}
Ra8 {[%clk 0:56:05]} 16. axb5 {[%clk 1:00:23]} axb5 {[%clk 0:55:08]} 17. Bd3
{[%clk 0:58:14]} Bh7 {[%clk 0:52:49]} 18. Bxh7+ {[%clk 0:53:20]} Kxh7 {[%clk
0:52:27]} 19. Rxa8 {[%clk 0:44:31]} Qxa8 {[%clk 0:52:41]} 20. Ra1 {[%clk
0:44:47]} Qb7 {[%clk 0:51:33]} 21. Qc1 {[%clk 0:43:44]} Kg8 {[%clk 0:46:49]}
22. Ra2 {[%clk 0:41:39]} Re8 {[%clk 0:45:41]} 23. Qa1 {[%clk 0:38:51]} Bb8
{[%clk 0:38:15]} 24. Ne2 {[%clk 0:32:17]} Nf8 {[%clk 0:34:13]} 25. Ra6 {[%clk
0:29:54]} Ng6 {[%clk 0:33:16]} 26. Nc1 {[%clk 0:27:20]} Ne7 {[%clk 0:32:44]}
27. Nb3 {[%clk 0:27:14]} Rc8 {[%clk 0:26:15]} 28. Rb6 {[%clk 0:23:53]} Qd7
{[%clk 0:23:21]} 29. Qa6 Ne4 {[%clk 0:15:08]} 30. Rb7 {[%clk 0:14:57]} Qe8
{[%clk 0:14:07]} 31. Rxe7 {[%clk 0:13:13]} Qd8 {[%clk 0:09:39]} 32. Rb7 {[%clk
0:12:24]} Qe8 {[%clk 0:05:02]} 33. Kf1 {[%clk 0:09:49]} Nf6 {[%clk 0:04:49]}
34. Na5 {[%clk 0:06:08]} Rc7 {[%clk 0:01:35]} 35. Rxc7 {[%clk 0:05:09]} Bxc7
{[%clk 0:01:59]} 36. Qxc6 {[%clk 0:04:22]} Bxa5 {[%clk 0:01:04]} 37. Qxe8+
{[%clk 0:04:34]} Nxe8 {[%clk 0:01:33]} 38. bxa5 {[%clk 0:04:53]} Nc7 {[%clk
0:01:40]} 39. Bc3 {[%clk 0:04:48]} Na6 {[%clk 0:01:23]} 40. Ne5 {[%clk
0:03:58]} Kf8 {[%clk 0:01:28]} 41. Ke2 {[%clk 0:03:12]} Ke7 {[%clk 0:00:35]}
42. Nc6+ {[%clk 0:00:50]} Kd7 {[%clk 0:00:32]} 43. Nb4 {[%clk 0:00:31]} Nc7
{[%clk 0:30:06]} 44. Kd3 {[%clk 0:29:54]} g5 {[%clk 0:28:23]} 45. f4 {[%clk
0:25:49]} f6 {[%clk 0:25:46]} 46. fxg5 {[%clk 0:24:53]} hxg5 {[%clk 0:24:57]}
47. Nc2 {[%clk 0:22:40]} Kc8 {[%clk 0:22:00]} 48. Ke2 {[%clk 0:21:36]} Kd7
{[%clk 0:19:53]} 49. Kf3 {[%clk 0:21:47]} f5 {[%clk 0:19:28]} 50. g3 {[%clk
0:19:08]} Ke7 {[%clk 0:18:29]} 51. h4 {[%clk 0:19:06]} gxh4 {[%clk 0:16:21]}
52. gxh4 {[%clk 0:19:22]} Kf6 {[%clk 0:15:01]} 53. Nb4 {[%clk 0:18:54]} Na8
{[%clk 0:13:51]} 54. c6 {[%clk 0:15:13]} Nc7 {[%clk 0:13:15]} 55. Be1 {[%clk
0:15:06]} 1-0